Soprano's Characters by last name - Statistics

General Stats
  • This quiz has been taken 586 times
  • The average score is 6 of 15
Answer Stats
First Name Answer % Correct
Tony Soprano
100%
Rosalie Aprile
81%
Artie Bucco
81%
Gloria Trillo
62%
John Sacrimoni
54%
Hesh Rabkin
39%
Benny Fazio
36%
Matthew Bevilaqua
35%
Furio Gunta
34%
Sean Gismonte
27%
Ron Zellman
15%
Jack Massarone
13%
Devin Pillsbury
6%
Brian Cammarata
4%
Blanca Selgado
4%
No matching quizzes found
Score Distribution
Percent of People with Each Score
Percentile by Number Answered
Your Score History
You have not taken this quiz